000 002530000a22000970004500
100 1 _aWilt, Timothy
245 1 0 _aA sociolinguistic analysis of na'
300 _aVol. 46, Num. 2 (Abril, 1996), Páginas 237-255
773 0 _tVetus Testamentum
942 _cANA
999 _c58032
_d58032